হায়াতে মদনী : (Record no. 41585)
[ view plain ]
| 000 -LEADER | |
|---|---|
| fixed length control field | 01115nam a22002417a 4500 |
| 001 - CONTROL NUMBER | |
| control field | 41585 |
| 003 - CONTROL NUMBER IDENTIFIER | |
| rucl marc code | BD-RjUL |
| 005 - DATE AND TIME OF LATEST TRANSACTION | |
| control field | 20211209053421.0 |
| 008 - FIXED-LENGTH DATA ELEMENTS--GENERAL INFORMATION | |
| fixed length control field | 160602s1962 bg ||||| |||| 00| 0 ben d |
| 035 ## - SYSTEM CONTROL NUMBER | |
| System control number | (BD-RjUL)41703 |
| 040 ## - CATALOGING SOURCE | |
| Original cataloging agency | BD-RjUL |
| Language of cataloging | ben |
| Transcribing agency | BD-RjUL |
| 041 ## - LANGUAGE CODE | |
| Language code of text/sound track or separate title | ben |
| 082 ## - DEWEY DECIMAL CLASSIFICATION NUMBER | |
| Edition number | 23 |
| Classification number | 297.61 |
| Author mark and year | KHH 1962 |
| 100 ## - MAIN ENTRY--PERSONAL NAME | |
| Personal name | খান, মুহিউদ্দীন |
| 9 (RLIN) | 127771 |
| 245 10 - TITLE STATEMENT | |
| Title | হায়াতে মদনী : |
| Remainder of title | শায়খুল-ইসলাম হযরত মওলানা সৈয়দ হুসায়ন আহমদ মদনী (রাঃ)-এর জীবন-চরিত / |
| Statement of responsibility, etc. | মুহিউদ্দীন খান, মুহাম্মদ ছফিউল্লাহ |
| 250 ## - EDITION STATEMENT | |
| Edition statement | ১ম সং. |
| 260 ## - PUBLICATION, DISTRIBUTION, ETC. (IMPRINT) | |
| Place of publication, distribution, etc. | ঢাকা : |
| Name of publisher, distributor, etc. | আশরাফিয়া লাইব্রেরী, |
| Date of publication, distribution, etc. | ১৯৬২ |
| 300 ## - PHYSICAL DESCRIPTION | |
| Pagination | [১২], ৪০০ পৃ. ; |
| Size | ১৮ সেমি. |
| 650 ## - SUBJECT ADDED ENTRY--TOPICAL TERM | |
| Topical term or geographic name as entry element | ইসলাম |
| General subdivision | নেতা |
| 9 (RLIN) | 127637 |
| Topical term or geographic name as entry element | Islam |
| General subdivision | Leader |
| 9 (RLIN) | 127638 |
| 700 ## - ADDED ENTRY--PERSONAL NAME | |
| Personal name | ছফিউল্লাহ, মুহাম্মদ |
| 942 ## - ADDED ENTRY ELEMENTS (KOHA) | |
| Source of classification or shelving scheme | Dewey Decimal Classification |
| Koha item type | Books |
| Lost status | Source of classification or shelving scheme | Damaged status | Not for loan | Collection code | Permanent Location | Current Location | Shelving location | Date acquired | Source of acquisition | Cost, normal purchase price | Total Checkouts | Full call number | Date last seen | Copy number | Koha item type |
|---|---|---|---|---|---|---|---|---|---|---|---|---|---|---|---|
| Dewey Decimal Classification | Non-fiction | Central Library, University of Rajshahi | Central Library, University of Rajshahi | 25/02/1967 | Farukh Library | 4.50 | B 297.61 KHH 1962 | 02/06/2016 | C-2 | Books | |||||
| Dewey Decimal Classification | Non-fiction | Central Library, University of Rajshahi | Central Library, University of Rajshahi | 25/02/1967 | Faruque library, Rajshahi. | 4.50 | B297.61 KHH 1962 | 08/06/2016 | C-3 | Books | |||||
| Dewey Decimal Classification | Not For Loan | Non-fiction | Central Library, University of Rajshahi | Central Library, University of Rajshahi | Reading Room | 25/02/1967 | Faruk Library, Rajshahi | 4.50 | B 297.61 KHH 1962 | 26/12/2016 | C-1 | Books |